Currency crisis and collapse in interwar Greece : predicament or policy failure?

Saved in:
Bibliographic Details
Main Author: Χριστοδουλάκης, Νίκος Μ., 1952-
Corporate Author: European Institute (London School of Economics and Political Science) Hellenic Observatory
Format: Book
Language:English
Published: [London] : Hellenic Observatory, 2012
Series:GreeSE Paper ; ; 60
Subjects:
Tags: Add Tag
No Tags, Be the first to tag this record!

MARC

LEADER 00000cam a2200000 i 4500
001 1/37590
008 131024s2012 eng d
035 |l 10115861 
040 |a GR-MY-UA  |b gre  |e aacr 
041 0 |a eng 
082 0 |a 332.460  |2 (22) 
100 1 |a Χριστοδουλάκης, Νίκος Μ.,   |d 1952- 
245 1 0 |a Currency crisis and collapse in interwar Greece : predicament or policy failure? /  |c Nicos Christodoulakis ; The Hellenic Observatory. The European Institute. The London School of Economics and Political Science 
260 |a [London] :   |b Hellenic Observatory,   |c 2012 
300 |a 43 σ.;  |c 21 εκ. 
490 1 |a GreeSE Paper  |v ; 60 
504 |a Βιβλιογραφία: σ. 42-43 
650 0 0 |a Currency question  |z Greece. 
710 2 |a European Institute (London School of Economics and Political Science)  |b Hellenic Observatory. 
830 0 |a GreeSE Paper ;  |v ; 60 
852 |a INST  |b RHODES  |e 20131024  |h 332.460 ΧΡΙ  |p 005400035722  |q 005400035722  |t BK  |y 0 
901 |a BIBL4-2013-3 
909 |a Ρ  |b 182233 
970 |z 2013/10/23